| 000 | 00958nam a2200301 4500 | ||
|---|---|---|---|
| 001 | 13444819 | ||
| 005 | 20150512090740.0 | ||
| 007 | 000 | ||
| 008 | 000 | ||
| 010 | _a 2003117069 | ||
| 020 | _a0534405819 (acidfree paper) | ||
| 035 | _a(DLC) 2003117069 | ||
| 040 |
_aUOEL _cDLC _dDLC |
||
| 050 | 0 | 0 |
_aQA184 _b.G54 2004 |
| 082 | 0 | 0 |
_a512/.5 _222 |
| 100 | 1 |
_aGilbert, Jimmie, _d1934- |
|
| 245 | 1 | 0 |
_aLinear algebra and matrix theory / _cJimmie Gilbert and Linda Gilbert. |
| 250 | _a2nd ed. | ||
| 260 |
_aBelmont, CA : _bThomson Brooks/Cole, _cc2004. |
||
| 300 |
_aix, 518 p. : _bill. ; _c25 cm. |
||
| 500 | _aIncludes index. | ||
| 650 | 0 |
_aAlgebras, Linear. _xMathematics |
|
| 650 | 0 |
_aMatrices. _xMathematics |
|
| 700 | 1 |
_aGilbert, Linda, _d1948- |
|
| 906 |
_a7 _bcbc _corignew _d3 _eepcn _f20 _gy-gencatlg |
||
| 942 |
_2lcc _cLL |
||
| 999 |
_c7182 _d7182 |
||